Statistiques concernant Les films de David Lynch

Cliquez ici pour prendre le quiz!

Statistiques générales

  • Ce quiz a été pris 109 fois
  • Le résultat moyen est 8 sur 10

Statistiques - réponses

AnnéeFilm% Correct
2001Mulholland Drive
93%
1980Elephant Man
91%
1992Twin Peaks : Fire Walk with me
87%
1986Blue Velvet
86%
1977Eraserhead
85%
1997Lost Highway
79%
1984Dune
77%
1990Sailor et Lula
65%
2006Inland Empire
63%
1999Une Histoire vraie
54%

Distribution des résultats

Percentile par nombre de réponses

% des personnes avec chaque résultat

Votre développement - résultats

Vous n’avez pas pris ce quiz